000 02119nam a22001577a 4500
003 SGT
020 _a9780070634190
082 _a510,RAM
100 _aRAMANA B.V.
245 _aHIGHER ENGINEERING MATHEMATICS
260 _aNEW DELHI
_bMC GRAW HILL EDUCATION
_c2013
300 _aV. P.
650 _aMATHEMATICS
653 _aPART I PRELIMI NARIES CHAPTER 1 VECTOR ALGEBRA , THEORY OF EQUATIONS ,COMPLEX NUMBERS PART II DIFFERENTIAL AND INTEGRAL CALCULUS CHAPTER 2 DIFFERENTIAL CALCULUS CHAPTER 3 PARTIAL DIFFERENTIATION CHAPTER 4 MAXIMA AND MINIMA CHAPTER 5 CURVE TRACING CHAPTER 6 INTEGRAL CALCULUS: APPLICATIONS CHAPTER 7 MULTIPLE INTEGRALS PART III ORDINARY DIFFERENTIAL EQUATIONS CHAPTER 8 ORDINARY DIFFERENTIAL EQUATIONS : FIRST ORDER WITH APPLICATIONS CHAPTER 9 ORDINARY DIFFERENTIAL EQUATIONS: SECOND AND HIGHER ORDERS WITH APPLICATIONS CHAPTER 10 SERIES SOLUTIONS CHAPTER 11 SPECIAL FUNCTIONS CHAPTER 12 LAPLACE TRANSFORM PART IV LINEAR ALGEBRA AND VECTOR CALCULUS CHAPTER 13 MATRICES CHAPTER 14 EIGEN VALUES AND EIGEN VECTORS CHAPTER 15 VECTOR DIFFERENTIAL CALCULUS CHAPTER 16 VECTOR INTEGRAL CALCULUS PART V FOURIER ANALYSIS AND PARTIAL DIFFERENTIAL EQUATIONS CHAPTER 17 FOURIER SERIES CHAPTER 18 PARTIAL DIFFERENTIAL EQUATIONS CHAPTER 19 APPLICATIONS OF PDE CHAPTER 20 FOURIER INTEGRAL AND FOURIER TRANSFORM CHAPTER 21 FINITE DIFFERENCES AND Z-TRANSFORMS PART VI COMPLEX ANALYSIS CHAPTER 22 COMPLEX FUNCTIONS CHAPTER 23 COMPLEX INTEGRATION CHAPTER 24 THEORY OF RESIDUES CHAPTER 25 CONFORMAL MAPPING PART VII PROBABILITY AND STATISTICS CHAPTER 26 PROBABILITY THEORY CHAPTER 27 PROBABILITY DISTRIBUTIONS CHAPTER 28 SAMPLING DISTRIBUTIONS (SD) CHAPTER 29 INFERENCES CONCERNING MEANS AND PROPORTIONS CHAPTER 30 LINE & CURVE FITTING, CORRELATION AND REGRESSION CHAPTER 31 JOINT PROBABILITY DISTRIBUTION AND MARKOV CHAINS PART VIII NUMERICAL ANALYSIS CHAPTER 32 NUMERICAL ANALYSIS (GENERAL) CHAPTER 33 NUMERICAL SOLUTIONS OF ORDINARY & PARTIAL DIFFERENTIAL EQUATIONS APPENDECES: A1: BASIC RESULTS A2: STATISTICAL TABLES A3: BIBLIOGRAPHY A4: INDEX
942 _2ddc
_cFPS
_03
999 _c9234
_d9234